00870nam a22002177a 450000500170000000800410001701700420005802000150010004000230011508200260013810000290016424501150019325000090030826000520031730000250036965000720039465100100046694200120047699900170048895201470050520240530110907.0220302s2007 ua g 000 0 ara d a2007/14871bمصر. دار الكتب a9772325802 aEG-CaGPLcEG-CaGPL04221a320.014/bف إ0 aفاروق ابو زيد12aالاعلام والسلطة :bاعلام السلطة وسلطة الاعلام /cفاروق ابو زيد aط.1 aالقاهرة : bعالم الكتب،c2007. a214 ص. ؛c24 سم.072qrmakaوسائل الاعلامxالجوانب السياسية 2qrmak 2ddccBK c66244d66244 00104070aCAIbCAIcالعلوم الاجتماعية-عربىd2022-03-02l0o320.014/ ف إp167523r2022-03-02 00:00:00w2022-03-02yBK